Paroles - Johnny, Johnny - Jeanne Mas - Statistiques

Statistiques générales
  • Ce quiz a été pris 28 fois
  • Le résultat moyen est 106 sur 168
Statistiques - réponses
Paroles % Correct
La
96%
Et
96%
Johnny,
96%
Johnny
96%
la
96%
La
96%
à
92%
À
92%
de
92%
se
92%
Se
92%
le
88%
ne
88%
dans
85%
Dans
85%
pas
85%
qui
85%
Tu
85%
un
85%
Les
81%
puis
81%
ses
81%
elle
77%
par
77%
sa
77%
Comme
73%
Ma
73%
te
73%
une
73%
Quand
69%
toi
69%
bras
65%
trouve
65%
plus
62%
d'efforts
58%
encore
58%
l'aimes
58%
n'est
58%
sans
58%
s'endort
58%
serre
58%
tant
58%
vie
58%
cette
54%
comprend
54%
nuit
54%
Sur
50%
sur
50%
vide
50%
faire
46%
Épuisé
46%
femme
46%
planète
46%
écho
42%
fenêtres
42%
cigarette
38%
Comment
38%
l'homme
38%
même
38%
Non
38%
ouvre
38%
s'égare,
38%
solitude
38%
Son
38%
survivre
38%
Barreaux
35%
perd
35%
rouillés
35%
s'éveille,
35%
cache
31%
Compte
31%
déserte
31%
fer
31%
l'alcool
31%
l'espace
31%
menace
31%
S'écrase
31%
blessure
27%
cause
27%
chercher
27%
rebours
27%
sèche
27%
d'elle
23%
fierté
23%
Rideau
23%
d'incertitudes
19%
imprégnés
19%
muette
19%
murs
19%
parfum
19%
saoule
19%
traces
19%
attitude
15%
déplace
15%
Joue
15%
l'onde
15%
s'enferme
15%
Aucun quiz correspondant
Distribution des résultats
% des personnes avec chaque résultat
Percentile par nombre de réponses
Votre historique - résultats
Vous n’avez pas pris ce quiz